Experimentos narrativos
Gorde:
| Egile nagusia: | |
|---|---|
| Formatua: | Liburua |
| Hizkuntza: | Undetermined |
| Argitaratua: |
Argentina
Juan Goyanarte
1971
|
| Gaiak: | |
| Etiketak: |
Etiketa erantsi
Etiketarik gabe, Izan zaitez lehena erregistro honi etiketa jartzen!
|
MARC
| LEADER | 00000nam a2200000Ia 4500 | ||
|---|---|---|---|
| 008 | 170316s9999 xx 000 0 und d | ||
| 090 | |a 801 C-16e | ||
| 100 | |a Castagnino, Raúl H. | ||
| 245 | |a Experimentos narrativos | ||
| 260 | |a Argentina | ||
| 260 | |b Juan Goyanarte | ||
| 260 | |c 1971 | ||
| 300 | |a 267 páginas | ||
| 650 | |a TEORÍA LITERARIA | ||
| 650 | |a EL PERSONAJE | ||
| 650 | |a ESTRUCTURA | ||
| 650 | |a EL TIEMPO | ||
| 650 | |a REALISMO | ||
| 650 | |a NOVELA - CRÓNICA | ||
| 650 | |a NOVELA - SOLILOQUIO | ||
| 650 | |a POLIGRAFO | ||
| 650 | |a NOVELISTICA HISPANOAMERICANA | ||
| 650 | |a POESÍA | ||
| 650 | |a KAFKA | ||
| 650 | |a PROBLEMATICA LITERARIA | ||
| 650 | |a NOVELA PURA | ||
| 650 | |a CIENCIA FICCIÓN | ||
| 650 | |a CUENTO | ||
| 650 | |a NOVELA POLICIAL | ||
| 650 | |a CIENCIA FICCIÓN - CRÍTICA SOCIAL | ||
| 650 | |a CIENCIA FICCIÓN - TEORÍA LITERARIA | ||
| 999 | |c 20159 |d 20159 | ||
| 040 | |a cru BVZT | ||
| 942 | |c 15 D |h 801 C-16e |2 z | ||
